000
00304nam a2200121Ia 4500
008
220120s9999||||xx |||||||||||||| ||und||
082
_a
604.2 GOP
100
_a
Gopalakrishna, K R
245
0
_a
Text book of engineering graphics
260
_b
Bangalore
_c
1999
300
_a
606p.
_b
248
650
_a
PHYSICS
999
_c
136225
_d
136225